000 00976cam a2200301 a 4500
001 26798
003 BD-RjUL
005 20211209051052.0
008 140323s1980 ii b b 00110 eng d
035 _a(BD-RjUL)26869
035 _a1643441
040 _aBD-RjUL
_beng
_cBD-RjUL
041 _aeng
082 0 0 _a954.799
_219
_bBOP 1980
100 1 _aBoxer, C. R.
_q(Charles Ralph),
_d1904-2000.
_982373
245 1 0 _aPortuguese India in the mid-seventeenth century /
_cC.R. Boxer.
260 _aDelhi :
_bOxford University Press,
_cc1980.
300 _ax, 57 p. :
_bmaps ;
_c23 cm.
500 _a"Heras memorial lectures."
500 _aMaps on lining papers.
504 _aIncludes bibliographical references and index.
650 0 _aPortuguese
_zIndia
_xHistory
_y17th century.
_982375
651 0 _aGoa, Daman and Diu (India)
_xHistory.
_982376
942 _2ddc
_cBK
999 _c26798
_d26798